| 000 | 00963nam a22002655a 4500 | ||
|---|---|---|---|
| 003 | OSt | ||
| 005 | 20180423150052.0 | ||
| 008 | 180423s2003 ua a grb 000 0 ara d | ||
| 017 | _a2003 / 17188 | ||
| 020 | _a9773055949 | ||
| 040 |
_aEG-ScBUE _bara _cEG-ScBUE |
||
| 043 | _af-ua--- | ||
| 082 | 0 | 4 |
_a306.0962 _bع ب د _222 |
| 100 | 1 | _aعبد المحسن، عماد. | |
| 245 | 1 | 2 |
_aالثقافة : _bبنية .. وتوجه، 1998-2002 / _cرؤية وإعداد عماد عبد المحسن. |
| 250 | _aط. 1. | ||
| 260 |
_aالقاهرة : _bصندوق التنمية الثقافية، _c2003. |
||
| 300 |
_a387 ص. : _bإيض. ؛ _c30 سم. |
||
| 541 |
_aالسفير علي الحفني ؛ _cإهداء ؛ |
||
| 610 | 1 |
_aمصر. _bوزارة الثقافة. _bصندوق التنمية الثقافية _xتاريخ. _2BUEsh |
|
| 650 | 7 |
_aالثقافة _zمصر _yقرن 21. _2BUEsh |
|
| 651 | _2BUEsh | ||
| 653 |
_bGGEN _cApril2018 |
||
| 942 | _2ddc | ||
| 999 |
_c26575 _d26547 |
||